Геология и полезные ископаемые Красноярского края

書目詳細資料
Corporate Authors: Красноярский край Администрация, Красноярский край Комитет природных ресурсов, Красноярский научно-исследовательский институт геологии и минерального сырья
其他作者: Сердюк С. С.
總結:В сборнике изложены результаты исследований актуальных вопросов геологии и полезных ископаемых Красноярского края и сопредельных территорий. Рассмотрены проблемы развития золотодобывающей и редкометалльной промышленности края и их сырьевые базы, обосновываются новые перспективы на алмазы и платиноиды, марганец, железо, бокситы нефть и газ. Освещены данные геофизических исследований перспектив рудо- и нефтегазоносности. Даны рекомендации по направлению геологоразведочных работ на ведущие типы полезных ископаемых.
語言:俄语
出版: Красноярск, Изд-во КНИИГиМС, 1999
主題:
格式: 圖書
KOHA link:https://koha.lib.tpu.ru/cgi-bin/koha/opac-detail.pl?biblionumber=14533

MARC

LEADER 00000nam0a2200000 4500
001 14533
005 20231101204945.0
035 |a (RuTPU)RU\TPU\book\14628 
035 |a BOOK00014697 
090 |a 14533 
100 |a 20011209d1999 k y0rusy50 ca 
101 0 |a rus 
102 |a RU 
105 |a y z 000zy 
200 1 |a Геология и полезные ископаемые Красноярского края  |f Красноярский край, Администрация ; Красноярский край, Комитет природных ресурсов ; Красноярский научно-исследовательский институт геологии и минерального сырья ; гл. ред. С. С. Сердюк 
210 |a Красноярск  |c Изд-во КНИИГиМС  |d 1999 
215 |a 272 с. 
317 |5 63413507: КР-7404  |a Поступил в НТБ в 2021 г. в дар от семьи профессора ТПУ Л. П. Рихванова 
330 |a В сборнике изложены результаты исследований актуальных вопросов геологии и полезных ископаемых Красноярского края и сопредельных территорий. Рассмотрены проблемы развития золотодобывающей и редкометалльной промышленности края и их сырьевые базы, обосновываются новые перспективы на алмазы и платиноиды, марганец, железо, бокситы нефть и газ. Освещены данные геофизических исследований перспектив рудо- и нефтегазоносности. Даны рекомендации по направлению геологоразведочных работ на ведущие типы полезных ископаемых. 
606 1 |a Геология  |y Красноярский край  |2 stltpush  |3 (RuTPU)RU\TPU\subj\67493  |9 83268 
606 1 |a Полезные ископаемые  |x Геология  |2 stltpush  |3 (RuTPU)RU\TPU\subj\50069  |9 68818 
610 1 |a минерально-сырьевая база 
610 1 |a Красноярский край 
610 1 |a перспективы 
610 1 |a рудоносность 
610 1 |a нефтегазоносность 
610 1 |a геофизические исследования 
610 1 |a Библиотека Л. П. Рихванова 
610 1 |a дары библиотеке 
675 |a 55(571.51)  |v 3 
675 |a 553(571.5)  |v 3 
702 1 |a Сердюк  |b С. С.  |4 651 
712 0 1 |a Красноярский край  |b Администрация  |2 stltpush  |3 (RuTPU)RU\TPU\col\4523  |9 23994 
712 0 2 |a Красноярский край  |b Комитет природных ресурсов  |2 stltpush  |3 (RuTPU)RU\TPU\col\1241  |9 23534 
712 0 2 |a Красноярский научно-исследовательский институт геологии и минерального сырья  |c (1993- )  |2 stltpush  |3 (RuTPU)RU\TPU\col\38  |9 23145 
801 0 |a RU  |b 63413507  |c 20011209  |g PSBO 
801 2 |a RU  |b 63413507  |c 20220526  |g PSBO 
942 |c BK